| 000 | 00596cab a22002055a 4500 | ||
|---|---|---|---|
| 001 | L157501 | ||
| 008 | 130102e2012 xxk 000 0 eng d | ||
| 035 | _a(Sirsi) u157501 | ||
| 041 | 0 | _aeng | |
| 100 | 1 | _aCorke, Greg | |
| 245 | 0 | 0 |
_aConstructing a virtual world _bBIM for infrastructure |
| 260 | _c2012 | ||
| 490 |
_aNew Civil Engineer _vDecember 2012, 52-53(1) |
||
| 520 | _aExplains the benefits that BIM can provide during construction projects | ||
| 650 | 2 | 4 | _aBUILDING INFORMATION MODELLING |
| 650 | 2 | 4 |
_aBIM _96219 |
| 651 | 4 |
_aUnited Kingdom _y |
|
| 690 |
_aBIM _96219 |
||
| 942 | _n0 | ||
| 999 |
_c84405 _d84405 |
||